K výskumu verejnej mienky pri komunikácii s verejnosťou a médiami
Vymedzenie pojmu verejná mienka. Výskum verejnej mienky - osobitný druh sociologického výskumu. Procesy vo verejnej mienke. Čas ako premenná. Dynamika verejnej mienky. Formovanie verejnej mienky, zmena verejnej mienky pod vplyvom nových udalostí. Zadávatelia výskumov verejnej mienky.
Salvato in:
| Autore principale: | |
|---|---|
| Natura: | Capitolo di libro |
| Lingua: | slovacco |
| Soggetti: | |
| Tags: |
Nessun Tag, puoi essere il primo ad aggiungerne!!
|
MARC
| LEADER | 00000naa$a2200000$$$4500 | ||
|---|---|---|---|
| 001 | 0053461 | ||
| 005 | 20240502071622.9 | ||
| 041 | 0 | |a slo | |
| 044 | |a SK | ||
| 245 | 1 | 0 | |a K výskumu verejnej mienky pri komunikácii s verejnosťou a médiami |c Oľga Plávková |
| 520 | |a Vymedzenie pojmu verejná mienka. Výskum verejnej mienky - osobitný druh sociologického výskumu. Procesy vo verejnej mienke. Čas ako premenná. Dynamika verejnej mienky. Formovanie verejnej mienky, zmena verejnej mienky pod vplyvom nových udalostí. Zadávatelia výskumov verejnej mienky. | ||
| 610 | 2 | 0 | |a mienka verejná |
| 610 | 2 | 0 | |a definície |
| 610 | 2 | 0 | |a výskum |
| 610 | 2 | 0 | |a vývoj |
| 610 | 2 | 0 | |a komunikácia |
| 610 | 2 | 0 | |a médiá |
| 100 | 1 | |a Plávková, Oľga | |